| 000 | 00706nam a2200229 i 4500 | ||
|---|---|---|---|
| 001 | bgj | ||
| 100 | 1 | _aKENWORTHY, Joanne | |
| 245 | 1 | 0 |
_aLanguage in action : _ban introduction to modern linguistics / _cJoanne Kenworthy. |
| 250 | _a[4th impr.]. | ||
| 260 |
_aLondon ; _aNew York : _bLongman, _c1995. |
||
| 300 |
_a132 pp : _bdrawings, figures, photos ; _c24 cm. |
||
| 490 | 1 | _aLongman Handbooks for Language Teachers | |
| 500 | _a1st published 1991. | ||
| 650 | 9 | _aLinguistics | |
| 830 | _aLongman Handbooks for Language Teachers | ||
| 020 | _a0582035836X (pbk) | ||
| 040 | _cBPK | ||
| 041 | 0 | _aeng | |
| 920 | _a0-582-035836-X (pbk) | ||
| 942 | _cKS | ||
| 008 | s uk f |000 0 eng | ||
| 999 |
_c48193 _d48193 |
||
| 856 |
_uhttp://koha.tu.koszalin.pl/cgi-bin/koha/opac-detail.pl?biblionumber=48193 _yKatalog online BPK |
||